| 000 | 00605nam a2200157Ia 4500 | ||
|---|---|---|---|
| 008 | 100122s9999 xx 000 0 und d | ||
| 082 |
_b62102 _a823.08 |
||
| 100 | _aआर्चर जेफ्री | ||
| 245 | _aटु कट अ लाँग स्टोरी शॉर्ट | ||
| 260 |
_bमेहता पब्लिकेशन हाऊस _c2002 |
||
| 300 | _a244 | ||
| 630 | _aटु कट अ लाँग स्टोरी शॉर्ट | ||
| 700 | _aसोहोनी लीना | ||
| 730 | _aटु कट अ लाँग स्टोरी शॉर्ट | ||
| 942 | _cBOOK | ||
| 999 |
_c436548 _d436545 |
||